000 00546nam a22001817a 4500
003 OSt
008 260303b2017 |||||||| |||| 00| 0 eng d
020 _a9781633693722
082 _a658.4013
_bDAV-C
100 _aDavenport, Thomas H.
245 _aCompeting on analytics :
_bupdated with a new introduction /
_cThomas H. Davenport and Jeanne G. Harris
260 _aBoston :
_bHarvard Business Review,
_c2017.
300 _aix, 295 p. ;
650 _aBusiness intelligence
650 _aData mining
650 _aCompetition
942 _2ddc
_cBK
999 _c21539
_d21539